Costumes anciens et modernes (Record no. 167057)

MARC details
000 -LEADER
campo de control de longitud fija 01065nam a2200229 i 4500
001 - NÚMERO DE CONTROL
campo de control 167057
003 - IDENTIFICADOR DE NÚMERO DE CONTROL
campo de control ES-MaACL
005 - FECHA Y HORA DE LA ÚLTIMA TRANSACCIÓN
campo de control 20230906213442.0
008 - DATOS DE LONGITUD FIJA--INFORMACIÓN GENERAL
campo de control de longitud fija 050926s1860 fr a |||| | fre d
040 ## - FUENTE DE CATALOGACIÓN
Centro catalogador/agencia de origen CAM
Lengua de catalogación spa
Centro/agencia transcriptor CAM
100 1# - ENTRADA PRINCIPAL--NOMBRE DE PERSONA
Nombre de persona Vecellio, Cesare.
9 (RLIN) 133580
245 10 - MENCIÓN DEL TÍTULO
Título Costumes anciens et modernes
Resto del título = Habiti antichi et moderni di tutto il mondo /
Mención de responsabilidad, etc. di Cesare Vecellio ; précédés d'un essai sur la gravure sur bois M. Amb. Firmin Didot.
260 ## - PUBLICACIÓN, DISTRIBUCIÓN, ETC.
Lugar de publicación, distribución, etc. Paris :
Nombre del editor, distribuidor, etc. [s.n.],
Fecha de publicación, distribución, etc. 1860 (
Fabricante Typ. de Firmin Didot Frères fils & Cie.)
300 ## - DESCRIPCIÓN FÍSICA
Extensión 2 v. (9 p., 234 h., 18 p.; [2] p., h. 235-513, 19 p.) :
Otras características físicas il. ;
Dimensiones 22 cm.
530 ## - NOTA DISPONIBLE DE FORMULARIO FÍSICO ADICIONAL
Nota de formato físico adicional disponible Disponible en formato digital.
597 ## - NOTA DE DESCRIPCIÓN FÍSICA
NOTA DE DESCRIPCIÓN FÍSICA Las h. tienen texto en el recto e il. en el verso.
650 #4 - PUNTO DE ACCESO ADICIONAL DE MATERIA--TÉRMINO DE MATERIA
Término de materia o nombre geográfico como elemento de entrada Traje-
Subdivisión general Historia.
9 (RLIN) 136943
700 1# - ENTRADA AGREGADA--NOMBRE PERSONAL
Nombre de persona Firmin-Didot, Ambroise.
9 (RLIN) 50957
852 ## - LOCALIZACIÓN
Ubicación ES-MaACL
Número de control de estantería D-1118-19
Nota libre - Enc. hol
856 ## - LOCALIZACIÓN Y ACCESO ELECTRÓNICOS
Identificador Uniforme de Recursos <a href="https://archive.org/stream/bub_gb_VEDkI2dZ4xAC#page/n3/mode/2up ">https://archive.org/stream/bub_gb_VEDkI2dZ4xAC#page/n3/mode/2up </a>
Nota pública Internet Archive
-- (v. 1)
856 ## - LOCALIZACIÓN Y ACCESO ELECTRÓNICOS
Identificador Uniforme de Recursos <a href="https://archive.org/details/bub_gb_YOLyWtYUbV4C ">https://archive.org/details/bub_gb_YOLyWtYUbV4C </a>
Nota pública Internet Archive
-- (v. 2)
Holdings
Estatus retirado Estado de pérdida Estado de daño No para préstamo Colección Biblioteca de origen Biblioteca actual Ubicación en estantería Fecha de adquisición Total de préstamos Signatura topográfica completa Código de barras Visto por última vez Precio de reemplazo Tipo de ítem Koha
        Colección digital Biblioteca del Ateneo de Madrid Biblioteca del Ateneo de Madrid Sala Valle Inclán 17/01/2008   D-1118-19 901175241 23/02/2023 23/02/2023 Libro impreso antiguo